|
|
|
|
| LEADER |
00000nab a2200000 r4500 |
| 001 |
vtls011818375 |
| 003 |
SK-MaSNL |
| 005 |
20260303204138.0 |
| 008 |
181115c2018 xo wr|p|||||||000 b|slo |
| 015 |
|
|
|a SNBRB2018/11
|
| 038 |
|
|
|a PPPK
|
| 040 |
|
|
|a PPPKCL
|b slo
|e rda
|
| 041 |
0 |
|
|a slo
|
| 043 |
|
|
|a e-xo---
|
| 044 |
|
|
|a xo
|c SK
|
| 072 |
|
7 |
|a 551
|x Geológia. Meteorológia. Klimatológia
|2 konspekt
|
| 080 |
|
|
|a 551.332.56
|x (234.372.4)
|2 2011
|
| 080 |
|
|
|a 628.463:551.332.56
|x (234.372.4)
|2 2011
|
| 100 |
0 |
|
|a (rov)
|4 aut
|9 943656
|
| 245 |
1 |
0 |
|a Najviac odpadu bolo v kvetnickom kameňolome
|c [autor] (rov)
|
| 336 |
|
|
|a text
|b txt
|2 rdacontent
|
| 337 |
|
|
|a bez média
|b n
|2 rdamedia
|
| 338 |
|
|
|a zväzok
|b nc
|2 rdacarrier
|
| 610 |
2 |
7 |
|a Štátne lesy Tatranského národného parku (Slovensko)
|2 pppkcl
|
| 611 |
2 |
7 |
|a Čisté vody
|n (25. :
|d 2018 :
|c Vysoké Tatry, Slovensko)
|2 pppkcl
|9 1237005
|
| 648 |
|
7 |
|a 5.10.2018
|2 pppkcl
|9 1237006
|
| 650 |
0 |
7 |
|a horské plesá
|2 pppkcl
|9 171908
|
| 650 |
0 |
7 |
|a zber odpadu
|2 pppkcl
|9 31175
|
| 650 |
0 |
7 |
|a čistenie plies
|2 pppkcl
|9 1236652
|
| 651 |
|
7 |
|a Vysoké Tatry (Poľsko a Slovensko : pohorie)
|2 pppkcl
|9 67729
|
| 651 |
|
7 |
|a Popradské pleso (Vysoké Tatry, Slovensko)
|2 pppkcl
|9 160482
|
| 651 |
|
7 |
|a Velické pleso (Vysoké Tatry, Slovensko)
|2 pppkcl
|9 111561
|
| 651 |
|
7 |
|a Štrbské pleso (Vysoké Tatry, Slovensko)
|2 pppkcl
|9 174793
|
| 773 |
0 |
|
|t Podtatranské noviny
|g Roč. LIX, č. 41 (2018), s. 2
|x 1210-2423
|
| 852 |
|
|
|a PPPK
|b KIS3GCP
|
| 999 |
|
|
|c 2188639
|d 2190569
|